Largest U.S. Cities By Latitude - Statistics

General Stats
  • This quiz has been taken 100 times
  • The average score is 19 of 23
Answer Stats
Latitude Population City % Correct
25 - 26 453,579 Miami
100%
40 - 41 8,537,673 New York
99%
29 - 30 2,303,482 Houston
98%
34 - 35 3,976,322 Los Angeles
98%
47 - 48 704,352 Seattle
98%
41 - 42 2,704,958 Chicago
96%
38 - 39 681,170 Washington
94%
39 - 40 1,567,872 Philadelphia
93%
45 - 46 639,863 Portland
93%
42 - 43 673,184 Boston
88%
44 - 45 413,651 Minneapolis
86%
33 - 34 1,615,017 Phoenix
86%
32 - 33 1,406,630 San Diego
84%
27 - 28 377,165 Tampa
84%
28 - 29 277,173 Orlando
83%
30 - 31 947,890 Austin
76%
43 - 44 595,047 Milwaukee
69%
36 - 37 660,388 Nashville
68%
37 - 38 1,025,350 San Jose
66%
35 - 36 842,051 Charlotte
63%
31 - 32 683,080 El Paso
63%
26 - 27 179,804 / 178,752 Cape Coral / Fort Lauderdale
49%
46 - 47 120,762 Fargo
35%
No matching quizzes found
Score Distribution
Percent of People with Each Score
Percentile by Number Answered
Your Score History
You have not taken this quiz